Religion Quiz

Random Religion or Asia Quiz

Taoism Facts Quiz Stats

 Plays Quiz Updated Feb 7, 2018

Challenge
Share
Tweet
Embed
Score 0/24 Timer 05:00
0 Plays Today
% Correct
Stress
79.8%
Paper
79%
Thrifty
77.2%
Master
77.1%
God
76%
Culture
75.8%
Catholicism
73.8%
Killing
69.6%
Chinese
69.2%
Buddhism
68.6%
Yoga
68.4%
Universe
67.6%
% Correct
Lieh Tzu
67.5%
Illness
65.9%
Violence
65.2%
Harmony
63.8%
Daoism
63.5%
Tao Te Ching
49.5%
Purity
45.7%
Laozi
45.6%
Wai-dan
39.4%
Feng Shui
35.4%
Naturalness
26.6%
Chiao
20.3%

You're not logged in!

Compare scores with friends on all Sporcle quizzes.
Join for Free
OR
Log In

You Might Also Like...

Show Comments

Extras

Top Quizzes Today


Score Distribution

Your Account Isn't Verified!

In order to create a playlist on Sporcle, you need to verify the email address you used during registration. Go to your Sporcle Settings to finish the process.

Report this User

Report this user for behavior that violates our Community Guidelines.

Details: